[Event "Class Tournaments HC #10"]
[Site "SchemingMind.com"]
[Date "2014.04.16"]
[Round "-"]
[White "Jari Laine"]
[Black "teejaytee"]
[Result "1/2-1/2"]
[WhiteCountry "FIN"]
[BlackCountry "ENG"]
[WhiteElo "2462"]
[WhiteRD "72"]
[BlackElo "2568"]
[BlackRD "83"]
[GameID "356889"]

1. d4 Nf6 2. c4 e6 3. f3 d5 4. Nc3 Bb4 5. a3 Bxc3+ 6. bxc3 c5 7. cxd5 Nxd5 8. Qd3 b6 9. e4 Ba6 10. Qd2 Bxf1
11. Kxf1 Ne7 12. dxc5 Nd7 13. cxb6 Qxb6 14. Qd4 Nc5 15. Qb4 Qa6+ 16. c4 Rc8 17. Ne2 O-O 18. Be3 Qd6 19. Qd2 Qc7 20. Bxc5 Qxc5
21. Qd4 Qc7 22. Kf2 Nc6 23. Qc3 Ne5 24. c5 Qxc5+ 25. Qxc5 Rxc5 26. Rab1 g5 27. h4 h6 28. Kg3 Kg7 29. Rhc1= Ra5 30. hxg5 hxg5
31. Rc3 Rd8 32. Rbb3 Rd2 33. Nc1 f5 34. exf5 exf5 35. Nd3 Nxd3 36. Rxd3 Rxd3 37. Rxd3 Kf6 38. Rd6+ Kf7=
1/2-1/2

[Event "Class Tournaments HC #10"]
[Site "SchemingMind.com"]
[Date "2014.04.16"]
[Round "-"]
[White "teejaytee"]
[Black "Jari Laine"]
[Result "1/2-1/2"]
[WhiteCountry "ENG"]
[BlackCountry "FIN"]
[WhiteElo "2568"]
[WhiteRD "83"]
[BlackElo "2462"]
[BlackRD "72"]
[GameID "356890"]

1. e4 e5 2. Nf3 Nc6 3. Bb5 a6 4. Ba4 Nf6 5. O-O Be7 6. Re1 b5 7. Bb3 d6 8. c3 O-O 9. h3 Nb8 10. d4 Nbd7
11. Nbd2 Bb7 12. Bc2 Re8 13. Nf1 Bf8 14. Ng3 g6 15. a4 c5 16. d5 c4 17. Bg5 Be7 18. Qd2 Nc5 19. Bh6 Bf8 20. Bg5 Bg7
21. Ra3 Qc7 22. Rea1 Nfd7 23. Bh6 Bh8 24. Nh2 Nb6 25. Ng4 Bc8 26. axb5 Bxg4 27. hxg4 axb5 28. Be3 Rxa3 29. Rxa3 Bf6 30. Nf1 Nbd7
31. g5 Be7 32. Nh2 Qb7 33. Qc1 Ra8 34. Rxa8+ Qxa8 35. Ng4 Qa7 36. Kh2 f6 37. gxf6 Bxf6 38. Nxf6+ Nxf6 39. f3 Kg7 40. Qd2 Qc7
41. Qc1 Qc8 42. Bh6+ Kf7 43. Qe1 Ng8 44. Be3 Nf6 45. g3 Nfd7 46. Kg2 Kg7 47. Qh1 h5 48. Qh2 Qg8 49. Qh1 Qa8 50. Qh4 Qf8
51. Kf2 Qf6 52. Qh3 Qd8 53. Kg2 Qe7 54. Qh1 Qd8=
1/2-1/2

[Event "Class Tournaments HC #10"]
[Site "SchemingMind.com"]
[Date "2014.04.17"]
[Round "-"]
[White "chesshub"]
[Black "Jari Laine"]
[Result "1/2-1/2"]
[WhiteCountry "FRA"]
[BlackCountry "FIN"]
[WhiteElo "2462"]
[WhiteRD "70"]
[BlackElo "2462"]
[BlackRD "72"]
[GameID "356941"]

1. e4 d5 2. exd5 Qxd5 3. Nc3 Qd6 4. d4 Nf6 5. Nf3 c6 6. h3 Bf5 7. Bd3 Bxd3 8. Qxd3 Nbd7 9. O-O e6 10. Re1 Be7
11. Ne2 Qc7 12. c4 O-O 13. Bf4 Bd6 14. Bxd6 Qxd6 15. Rad1 b5 16. Nc3 bxc4 17. Qxc4 Rac8 18. Re2 c5 19. Qa4 Qb8 20. Nb5 Qb6
21. Rc2 h6 22. Ne5 cxd4 23. Nxd7 Nxd7 24. Rxc8 Rxc8 25. Nxa7 Ra8 26. Qxd7 Rxa7 27. Qxd4=
1/2-1/2

[Event "Class Tournaments HC #10"]
[Site "SchemingMind.com"]
[Date "2014.04.17"]
[Round "-"]
[White "Jari Laine"]
[Black "chesshub"]
[Result "1/2-1/2"]
[WhiteCountry "FIN"]
[BlackCountry "FRA"]
[WhiteElo "2462"]
[WhiteRD "72"]
[BlackElo "2462"]
[BlackRD "70"]
[GameID "356942"]

1. d4 Nf6 2. c4 g6 3. f3 Bg7 4. e4 d6 5. Nc3 O-O 6. Be3 c5 7. Nge2 Nc6 8. d5 Ne5 9. Ng3 e6 10. Be2 exd5
11. cxd5 a6 12. a4 Bd7 13. h3 b5 14. O-O Nc4 15. Bxc4 bxc4 16. Qe2 Rb8 17. Qxc4 Rxb2 18. Rab1 Rxb1 19. Rxb1 Ne8 20. Bd2 Bc8
21. Nce2 Nf6 22. e5 dxe5 23. Nc3 Ne8 24. Nge4 f5 25. Bg5 Nd6 26. Qxc5 Nxe4 27. Nxe4 Qd7 28. Nd6 e4 29. fxe4 fxe4 30. Be3 Rd8
31. Rb8 Bf8 32. Rxc8 Rxc8 33. Qxc8 Qxd6 34. Qc6=
1/2-1/2

[Event "Class Tournaments HC #10"]
[Site "SchemingMind.com"]
[Date "2014.04.18"]
[Round "-"]
[White "chesshub"]
[Black "teejaytee"]
[Result "0-1"]
[WhiteCountry "FRA"]
[BlackCountry "ENG"]
[WhiteElo "2462"]
[WhiteRD "70"]
[BlackElo "2568"]
[BlackRD "83"]
[GameID "356943"]

1. d4 Nf6 2. c4 e6 3. Nf3 b6 4. g3 Bb7 5. Bg2 Be7 6. O-O O-O 7. Nc3 Ne4 8. Qc2 Nxc3 9. Qxc3 c5 10. Rd1 d6
11. b3 Bf6 12. Bb2 Qe7 13. Rd2 Nc6 14. Qe3 Rad8 15. Rad1 Ba8 16. Bc3 Rfe8 17. h4 h6 18. Kh2 Bb7 19. dxc5 Bxc3 20. Qxc3 bxc5
21. Ne1 Qc7 22. Kg1 Re7 23. a3 a5 24. e3 Red7 25. Nd3 Ba8 26. Bh3 Qb6 27. Bg2 Rb8 28. Rb2 Rdd8 29. Rbb1 Qa7 30. Rd2 Ne7
31. Nf4 Bxg2 32. Kxg2 Rb6 33. f3 Qa8 34. e4 Nc6 35. Rdb2 Qb7 36. Nd3 Rb8 37. Nf4 Qa7 38. Nd3 Nd4 39. Nf4 R8b7 40. Ne2 Nc6
41. Nf4 Qb8 42. Nd3 e5 43. h5 Kh7 44. Nc1 a4 45. Kf2 Nd4 46. b4 d5 47. Nd3 dxc4 48. Nxc5 Rf6 49. f4 Nb5 50. Qxc4 Nxa3
51. Qd3 Nxb1 52. Nxb7 Qxb7 53. Rxb1 a3 54. b5 Qb6+ 55. Kf3 Rd6 56. Qxa3 exf4 57. Qc3 fxg3 58. Kxg3 Rf6 59. Rb2 Rf1 60. Qd3 Rg1+
61. Rg2 Rh1
0-1

[Event "Class Tournaments HC #10"]
[Site "SchemingMind.com"]
[Date "2014.04.17"]
[Round "-"]
[White "teejaytee"]
[Black "chesshub"]
[Result "1/2-1/2"]
[WhiteCountry "ENG"]
[BlackCountry "FRA"]
[WhiteElo "2542"]
[WhiteRD "105"]
[BlackElo "2449"]
[BlackRD "72"]
[GameID "356944"]

1. e4 e5 2. Nf3 Nc6 3. d4 exd4 4. Nxd4 Nf6 5. Nxc6 bxc6 6. e5 Qe7 7. Qe2 Nd5 8. c4 Ba6 9. b3 g6 10. f4 d6
11. Qf2 Nf6 12. Be2 dxe5 13. O-O Ne4 14. Qe1 Qc5+ 15. Kh1 Qd4 16. Bf3 Qxa1 17. Qxe4 Bb7 18. Qc2 Bc5 19. Bb2 Qxa2 20. Nc3 Qa5
21. Ra1 Qb6 22. Na4 Qa5 23. Nc3 Qb6 24. Na4 Qa5 25. Nc3 Qb6=
1/2-1/2

[Event "Class Tournaments HC #10"]
[Site "SchemingMind.com"]
[Date "2014.04.17"]
[Round "-"]
[White "chesshub"]
[Black "Ebanon "]
[Result "1/2-1/2"]
[WhiteCountry "FRA"]
[BlackCountry "ESP"]
[WhiteElo "2469"]
[WhiteRD "71"]
[BlackElo "2428"]
[BlackRD "69"]
[GameID "356947"]

1. d4 Nf6 2. c4 e6 3. Nf3 b6 4. g3 Ba6 5. Qc2 c5 6. d5 exd5 7. cxd5 Bb7 8. Bg2 Nxd5 9. O-O Nc6 10. Rd1 Be7
11. Qa4 Nf6 12. Nh4 g6 13. Bh6 Bf8 14. Bxf8 Kxf8 15. Nc3 Kg7 16. Qf4 Rb8 17. Nb5 d5 18. e4 d4 19. Nd6 Rf8 20. Nhf5+ Kh8
21. Nh6 Kg7 22. Nhxf7 Qd7 23. e5 Rxf7 24. Nxf7 Nh5 25. Qh6+ Kxf7 26. Qxh7+ Ng7=
1/2-1/2

[Event "Class Tournaments HC #10"]
[Site "SchemingMind.com"]
[Date "2014.04.17"]
[Round "-"]
[White "Ebanon "]
[Black "chesshub"]
[Result "1/2-1/2"]
[WhiteCountry "ESP"]
[BlackCountry "FRA"]
[WhiteElo "2438"]
[WhiteRD "71"]
[BlackElo "2462"]
[BlackRD "70"]
[GameID "356948"]

1. e4 c5 2. Nf3 e6 3. d4 cxd4 4. Nxd4 a6 5. Bd3 Bc5 6. Nb3 Be7 7. O-O d6 8. Qg4 g6 9. Qe2 Nc6 10. Rd1 Nf6
11. Bh6 Bf8 12. Qd2 e5 13. Nc3 Bg4 14. Bxf8 Kxf8 15. Be2 Bxe2 16. Qxe2 Kg7 17. Rd3 Nb4 18. Rf3 a5 19. Rd1 a4 20. Nc5 Qe7
21. N5xa4 Nxa2 22. g3 Rhd8 23. Kg2 Qe8 24. Nb6 Nxc3 25. Rxc3 Ra6 26. Nd5 Nxd5 27. Rxd5 Rc8 28. Rb3 Qc6 29. c3 f5 30. Rdb5 Rc7
31. f3 fxe4 32. Qxe4 b6 33. Qe3 Rb7 34. h4 h5 35. R3b4=
1/2-1/2

[Event "Class Tournaments HC #10"]
[Site "SchemingMind.com"]
[Date "2014.04.17"]
[Round "-"]
[White "Jari Laine"]
[Black "Ebanon "]
[Result "1/2-1/2"]
[WhiteCountry "FIN"]
[BlackCountry "ESP"]
[WhiteElo "2470"]
[WhiteRD "76"]
[BlackElo "2428"]
[BlackRD "69"]
[GameID "356949"]

1. d4 Nf6 2. c4 e6 3. Nc3 Bb4 4. Qc2 O-O 5. a3 Bxc3+ 6. Qxc3 b6 7. Bg5 Bb7 8. f3 h6 9. Bh4 d6 10. e3 Nbd7
11. Bd3 e5 12. Ne2 e4 13. fxe4 g5 14. Bg3 Bxe4 15. O-O Qe7 16. Bxe4 Nxe4 17. Qd3 Qe6 18. Rf3 Qg6 19. Raf1 Nxg3 20. Qxg6+ fxg6
21. Nxg3=
1/2-1/2

[Event "Class Tournaments HC #10"]
[Site "SchemingMind.com"]
[Date "2014.04.17"]
[Round "-"]
[White "Ebanon "]
[Black "Jari Laine"]
[Result "1/2-1/2"]
[WhiteCountry "ESP"]
[BlackCountry "FIN"]
[WhiteElo "2350"]
[WhiteRD "72"]
[BlackElo "2443"]
[BlackRD "77"]
[GameID "356950"]

1. e4 e6 2. d4 d5 3. Nc3 Bb4 4. e5 c5 5. a3 Bxc3+ 6. bxc3 Ne7 7. Qg4 Qc7 8. Qxg7 Rg8 9. Qxh7 cxd4 10. Ne2 Nbc6
11. f4 dxc3 12. Rb1 b6 13. Ng3 Bb7 14. Bd3 O-O-O 15. Qxf7 Nd4 16. O-O Rdf8 17. Qh7 Rh8=
1/2-1/2

[Event "Class Tournaments HC #10"]
[Site "SchemingMind.com"]
[Date "2014.04.17"]
[Round "-"]
[White "teejaytee"]
[Black "Ebanon "]
[Result "1/2-1/2"]
[WhiteCountry "ENG"]
[BlackCountry "ESP"]
[WhiteElo "2551"]
[WhiteRD "85"]
[BlackElo "2428"]
[BlackRD "69"]
[GameID "356951"]

1. e4 c5 2. f4 d5 3. exd5 Nf6 4. Bb5+ Bd7 5. Bxd7+ Qxd7 6. c4 e6 7. Qe2 Bd6 8. d3 O-O 9. dxe6 fxe6 10. Nf3 Nc6
11. O-O Rae8 12. Nc3 e5 13. f5 Nd4 14. Qd1 h6 15. Ne4 Nxf5 16. Qe2 Bc7 17. b3 b6 18. Bd2 Ng4 19. Rad1 Rd8 20. Bc1 Nd4
21. Qe1 Rf7 22. h3 Nxf3+ 23. Rxf3 Rxf3 24. gxf3 Nf6 25. Nxf6+ gxf6 26. Qh4 Qd4+ 27. Qxd4 Rxd4 28. Kf2 Kf7 29. Rg1 h5 30. Bh6 Ke6
31. Ke2 Rh4=
1/2-1/2

[Event "Class Tournaments HC #10"]
[Site "SchemingMind.com"]
[Date "2014.04.17"]
[Round "-"]
[White "Ebanon "]
[Black "teejaytee"]
[Result "1/2-1/2"]
[WhiteCountry "ESP"]
[BlackCountry "ENG"]
[WhiteElo "2428"]
[WhiteRD "69"]
[BlackElo "2551"]
[BlackRD "85"]
[GameID "356952"]

1. e4 e5 2. f4 exf4 3. Nf3 g5 4. h4 g4 5. Ne5 d6 6. Nxg4 Nf6 7. Nxf6+ Qxf6 8. Nc3 Nc6 9. Bb5 Kd8 10. Bxc6 bxc6
11. d3 Rg8 12. Qf3 Bh6 13. Qf2 Rb8 14. Ne2 Rxb2 15. Bxb2 Qxb2 16. O-O Qxc2 17. Nxf4 Qxf2+ 18. Rxf2 Bg7 19. Rc1 Bd4 20. Rxc6 Rg4
21. Nd5 Bxf2+ 22. Kxf2 Bb7 23. Rc4 Rxh4 24. Nxc7 Rh5 25. g4 Rc5 26. Rxc5 dxc5 27. Nb5 Ba6 28. Nd6 Ke7 29. Nf5+ Kf6 30. d4 c4
31. Ke3 c3 32. Nd6 Ke6 33. Nf5 c2 34. Kd2 Bd3 35. Ng3 Kf6 36. a4 Ke6 37. Kc1 f6 38. Kd2=
1/2-1/2

[Event "Class Tournaments HC #10"]
[Site "SchemingMind.com"]
[Date "2014.04.21"]
[Round "-"]
[White "chesshub"]
[Black "michel"]
[Result "1-0"]
[WhiteCountry "FRA"]
[BlackCountry "CAN"]
[WhiteElo "2462"]
[WhiteRD "70"]
[BlackElo "2260"]
[BlackRD "57"]
[GameID "356958"]

1. e4 e5 2. Nf3 d6 3. d4 Nf6 4. Nc3 Nbd7 5. Bc4 Be7 6. O-O O-O 7. Re1 c6 8. a4 b6 9. Ba2 a6 10. h3 Rb8
11. Be3 b5 12. axb5 axb5 13. b4 Qc7 14. Bb3 exd4 15. Nxd4 Ne5 16. f4 Nc4 17. Qd3 Nxe3 18. Qxe3 Re8 19. Qd2 Nd7 20. Nf5 Nb6
21. Nxe7+ Qxe7 22. e5 d5 23. Ne2 Nc4 24. Bxc4 bxc4 25. Reb1 Rb6 26. Nd4 Qb7 27. Ra5 Ra6 28. Rxa6 Qxa6 29. Re1 Qb6 30. c3 c5
31. bxc5 Qxc5 32. Rb1 Bd7 33. Rb7 Qc8 34. Qb2 h5 35. Kh2 g6 36. Ra7 Qd8 37. Kg3 Qc8 38. Qb6 Be6 39. Nc6
1-0

[Event "Class Tournaments HC #10"]
[Site "SchemingMind.com"]
[Date "2014.04.22"]
[Round "-"]
[White "michel"]
[Black "chesshub"]
[Result "1/2-1/2"]
[WhiteCountry "CAN"]
[BlackCountry "FRA"]
[WhiteElo "2236"]
[WhiteRD "59"]
[BlackElo "2469"]
[BlackRD "71"]
[GameID "356959"]

1. e4 c5 2. Nf3 d6 3. d4 cxd4 4. Qxd4 Nc6 5. Bb5 Bd7 6. Qd3 g6 7. c4 Bg7 8. O-O Nf6 9. Nc3 O-O 10. h3 a6
11. Bxc6 Bxc6 12. Nd4 Nd7 13. Be3 Rc8 14. Qd2 Nc5 15. Nxc6 Rxc6 16. Bd4 Bxd4 17. Qxd4 Ne6 18. Qd3 Nf4 19. Qf3 e5 20. b3 b5
21. Nd5 bxc4 22. Nxf4 exf4 23. Rac1 Qg5 24. e5 Rb6 25. exd6 cxb3 26. axb3 Rxd6 27. Rc4 Rf6=
1/2-1/2

[Event "Class Tournaments HC #10"]
[Site "SchemingMind.com"]
[Date "2014.04.21"]
[Round "-"]
[White "Jari Laine"]
[Black "michel"]
[Result "0-1"]
[WhiteCountry "FIN"]
[BlackCountry "CAN"]
[WhiteElo "2462"]
[WhiteRD "72"]
[BlackElo "2260"]
[BlackRD "57"]
[GameID "356960"]

1. d4 Nf6 2. c4 c5 3. d5 b5 4. cxb5 a6 5. bxa6 g6 6. Nc3 Bxa6 7. Nf3 Bg7 8. g3 d6 9. Bg2 Nbd7 10. Rb1 Nb6
11. b3 Bb7 12. e4 Ba6 13. Qc2 O-O 14. Ne2 Qd7 15. O-O Qg4 16. Bf4 Nh5 17. Rfc1 Bxe2 18. h3 Qxf3 19. Bxf3 Bxf3 20. Qd3 Nxf4
21. Qxf3 Nxh3+ 22. Kg2 Ng5 23. Qe2 f5 24. b4 Nxe4 25. bxc5 Na4 26. cxd6 exd6 27. Rc7 Nac5 28. f3 f4 29. gxf4 Nf6 30. Qe7 Nh5
31. Kh1 Ng3+ 32. Kg1 Nf5 33. Qe2 Rae8 34. Qc4 Re3
0-1

[Event "Class Tournaments HC #10"]
[Site "SchemingMind.com"]
[Date "2014.04.22"]
[Round "-"]
[White "michel"]
[Black "Jari Laine"]
[Result "1/2-1/2"]
[WhiteCountry "CAN"]
[BlackCountry "FIN"]
[WhiteElo "2211"]
[WhiteRD "60"]
[BlackElo "2443"]
[BlackRD "77"]
[GameID "356961"]

1. e4 e5 2. f4 Bc5 3. Nf3 d6 4. c3 Bb6 5. d4 exd4 6. cxd4 Bg4 7. Be3 Nf6 8. Nc3 Nxe4 9. Nxe4 Qe7 10. Qd3 Bf5
11. Qb5+ Bd7 12. Qd3 Bf5 13. Qb5+=
1/2-1/2

[Event "Class Tournaments HC #10"]
[Site "SchemingMind.com"]
[Date "2014.04.21"]
[Round "-"]
[White "teejaytee"]
[Black "michel"]
[Result "1-0"]
[WhiteCountry "ENG"]
[BlackCountry "CAN"]
[WhiteElo "2551"]
[WhiteRD "85"]
[BlackElo "2236"]
[BlackRD "59"]
[GameID "356962"]

1. e4 e5 2. Nc3 Nc6 3. Bc4 Nf6 4. d3 Na5 5. Nge2 c6 6. O-O Be7 7. a4 Nxc4 8. dxc4 O-O 9. Qd3 d6 10. b3 Be6
11. Rd1 Qc7 12. Qf3 Bg4 13. Qe3 Rad8 14. h3 Bh5 15. Ba3 a6 16. Rd3 Bg6 17. Rad1 Rd7 18. Ng3 Rfd8 19. Qf3 Bf8 20. Bc1 d5
21. cxd5 cxd5 22. Bg5 d4 23. Bxf6 gxf6 24. Nce2 Qxc2 25. h4 h6 26. Qxf6 Bg7 27. Qf3 Qc6 28. h5 Bh7 29. Rc1 Qf6 30. Nf5 Bf8
31. Neg3 Kh8 32. Rc2 Qg5 33. Qd1 a5 34. Rf3 Bb4 35. Qd3 Qf6 36. Nf1 Qe6 37. Rc4 Rg8 38. Rg3 Rf8 39. Nh2 Bxf5 40. exf5 Qd5
41. Rg4 Rd6 42. Re4 Rc6 43. Rxc6 Qxc6 44. Rxe5 Rd8 45. f6 Qxf6 46. Ng4 Qg7 47. Rf5 Rg8 48. f3 Rc8 49. Rd5 Re8 50. Qb5 Qf8
51. Qb6 d3 52. Qd4+ Qg7 53. Qxd3 Qa1+ 54. Kh2 Re1 55. Nxh6 Rh1+ 56. Kg3 Be1+ 57. Kf4 Qf6+ 58. Nf5 Rxh5 59. g4
1-0

[Event "Class Tournaments HC #10"]
[Site "SchemingMind.com"]
[Date "2014.04.21"]
[Round "-"]
[White "michel"]
[Black "teejaytee"]
[Result "0-1"]
[WhiteCountry "CAN"]
[BlackCountry "ENG"]
[WhiteElo "2211"]
[WhiteRD "60"]
[BlackElo "2542"]
[BlackRD "105"]
[GameID "356963"]

1. e4 e5 2. f4 exf4 3. Bc4 Nf6 4. Nc3 c6 5. Bb3 d5 6. exd5 cxd5 7. d4 Bd6 8. Nge2 O-O 9. O-O g5 10. Nxd5 Bg4
11. Qd3 Nxd5 12. Bxd5 Nc6 13. c3 Bc7 14. Bb3 Ne5 15. Qc2 Ng6 16. Kh1 Qf6 17. Bd5 Rad8 18. Bxb7 Rfe8 19. Rf2 Re6 20. b4 Rde8
21. Ng1 Bf5 22. Qa4 g4
0-1

[Event "Class Tournaments HC #10"]
[Site "SchemingMind.com"]
[Date "2014.04.22"]
[Round "-"]
[White "michel"]
[Black "Ebanon "]
[Result "0-1"]
[WhiteCountry "CAN"]
[BlackCountry "ESP"]
[WhiteElo "2236"]
[WhiteRD "59"]
[BlackElo "2428"]
[BlackRD "69"]
[GameID "356964"]

1. e4 c5 2. Nf3 d6 3. Bb5+ Nd7 4. d4 Nf6 5. Nc3 cxd4 6. Qxd4 e5 7. Qd3 h6 8. Be3 Be7 9. O-O a6 10. Bc4 b5
11. Bb3 O-O 12. a4 b4 13. Nd5 Bb7 14. a5 Bxd5 15. Bxd5 Nxd5 16. Qxd5 Qc7 17. Nd2 Rfc8 18. Rfc1 Rab8 19. c4 Bg5 20. Bxg5 hxg5
21. Qd3 Nc5 22. Qe3 Ne6 23. Rd1 Qc5 24. Qf3 b3 25. Ra3 Rb4 26. Qc3 Nd4 27. Qd3 g4 28. Rc1 Nb5 29. Rxb3 Nd4 30. Rxb4 Qxb4
31. b3 Qxa5 32. Rb1 Rb8 33. Kf1 g6 34. f3 gxf3 35. Nxf3 Nxf3 36. Qxf3 Qa2 37. Qd3 Qa3 38. Qd1 a5 39. Kg1 Qb4 40. Qd5 Rb7
41. Kh1 a4 42. c5 a3 43. h4 dxc5 44. h5 a2 45. Rf1 Kh7 46. Ra1 c4
0-1

[Event "Class Tournaments HC #10"]
[Site "SchemingMind.com"]
[Date "2014.04.21"]
[Round "-"]
[White "Ebanon "]
[Black "michel"]
[Result "1-0"]
[WhiteCountry "ESP"]
[BlackCountry "CAN"]
[WhiteElo "2428"]
[WhiteRD "69"]
[BlackElo "2236"]
[BlackRD "59"]
[GameID "356965"]

1. e4 e5 2. f4 exf4 3. Nf3 Nf6 4. e5 Nh5 5. d4 d6 6. Qe2 d5 7. Nc3 Nc6 8. Qb5 Bb4 9. Bd2 O-O 10. O-O-O a6
11. Qe2 f6 12. a3 Ba5 13. Na4 fxe5 14. dxe5 b5 15. Bxa5 Nxa5 16. Qd2 c6 17. Nc5 Nc4 18. Bxc4 bxc4 19. Qd4 g5 20. Rhe1 Qe7
21. e6 Ng7 22. Ne5 Nxe6 23. Nxe6 Qxe6 24. Qc5 Bb7 25. Nxc4 Qf6 26. Ne5 Rad8 27. h3 Qd6 28. Qb6 Rb8 29. Rd2 Qd8 30. Qc5 Re8
31. Rde2 Qe7 32. Qa7 Qc7 33. Ng4 Rxe2 34. Rxe2 f3 35. gxf3 Rf8 36. Re6 c5 37. Rb6
1-0

[Event "Class Tournaments HC #10"]
[Site "SchemingMind.com"]
[Date "2014.04.22"]
[Round "-"]
[White "chesshub"]
[Black "Patjanka"]
[Result "1-0"]
[WhiteCountry "FRA"]
[BlackCountry "DEN"]
[WhiteElo "2469"]
[WhiteRD "71"]
[BlackElo "2427"]
[BlackRD "85"]
[GameID "356972"]

1. d4 c5 2. d5 Nf6 3. c4 e6 4. Nc3 exd5 5. cxd5 d6 6. e4 g6 7. f4 Bg7 8. Bb5+ Nfd7 9. a4 Qe7 10. Nf3 O-O
11. O-O Na6 12. e5 Nb4 13. Ne4 Nb6 14. Nxd6 N6xd5 15. Qb3 Be6 16. Bc4 Rad8 17. Ng5
1-0

[Event "Class Tournaments HC #10"]
[Site "SchemingMind.com"]
[Date "2014.04.22"]
[Round "-"]
[White "Patjanka"]
[Black "chesshub"]
[Result "1/2-1/2"]
[WhiteCountry "DEN"]
[BlackCountry "FRA"]
[WhiteElo "2333"]
[WhiteRD "74"]
[BlackElo "2462"]
[BlackRD "70"]
[GameID "356973"]

1. d4 Nf6 2. c4 e6 3. Nc3 Bb4 4. e3 O-O 5. Ne2 d5 6. a3 Be7 7. cxd5 exd5 8. b4 c6 9. Ng3 Re8 10. Bd3 Nbd7
11. O-O Nb6 12. Qc2= Bd6 13. b5 Bd7 14. a4 Rc8 15. Ba3 c5 16. Bxc5 Bxc5 17. dxc5 Rxc5 18. Rac1 a5 19. Nge2 Qc7 20. h3 Rc8
21. Qd2 g6 22. Bb1 Nc4 23. Qd4 Qe5 24. Rfd1 Be6 25. Ba2=
1/2-1/2

[Event "Class Tournaments HC #10"]
[Site "SchemingMind.com"]
[Date "2014.04.18"]
[Round "-"]
[White "Jari Laine"]
[Black "Patjanka"]
[Result "1-0"]
[WhiteCountry "FIN"]
[BlackCountry "DEN"]
[WhiteElo "2462"]
[WhiteRD "72"]
[BlackElo "2333"]
[BlackRD "74"]
[GameID "356974"]

1. d4 c5 2. d5 Nf6 3. c4 e6 4. Nc3 exd5 5. cxd5 d6 6. Nf3 g6 7. Bf4 Bg7 8. Qa4+ Bd7 9. Qb3 Qc7 10. e4 O-O
11. Nd2 Nh5 12. Be3 f5 13. exf5 Bxf5 14. Be2 Nf6 15. Nc4 Ne4 16. O-O Nxc3 17. bxc3 Nd7 18. Bf4 Rf6 19. Ne3 Re8 20. Bg3 Ne5
21. Nxf5 gxf5 22. Bb5 c4 23. Qa4 Ra8 24. Bxe5 dxe5 25. Qxc4
1-0

[Event "Class Tournaments HC #10"]
[Site "SchemingMind.com"]
[Date "2014.04.19"]
[Round "-"]
[White "Patjanka"]
[Black "Jari Laine"]
[Result "0-1"]
[WhiteCountry "DEN"]
[BlackCountry "FIN"]
[WhiteElo "2333"]
[WhiteRD "74"]
[BlackElo "2462"]
[BlackRD "72"]
[GameID "356975"]

1. d4 Nf6 2. c4 g6 3. Nc3 d5 4. Nf3 Bg7 5. Qb3 dxc4 6. Qxc4 O-O 7. e4 Nc6 8. Be2 Bg4 9. d5 Na5 10. Qb4 Bxf3
11. Bxf3 c6 12. O-O b5 13. a4 c5 14. Qxb5 a6 15. Qd3 Nb3 16. Rb1 Nxc1 17. Rfxc1 Qd6 18. Be2 Nd7 19. g3 Bd4 20. Kg2 e5
21. Bg4 Nf6 22. Bf3 Rab8 23. b3 Nd7 24. Be2 Rb6
0-1

[Event "Class Tournaments HC #10"]
[Site "SchemingMind.com"]
[Date "2014.04.18"]
[Round "-"]
[White "Patjanka"]
[Black "teejaytee"]
[Result "0-1"]
[WhiteCountry "DEN"]
[BlackCountry "ENG"]
[WhiteElo "2333"]
[WhiteRD "74"]
[BlackElo "2568"]
[BlackRD "83"]
[GameID "356976"]

1. d4 Nf6 2. c4 e6 3. Nc3 d5 4. cxd5 exd5 5. Bg5 c6 6. e3 Be7 7. Bd3 Nbd7 8. Nge2 Nh5 9. Bxe7 Qxe7 10. g4 Nhf6
11. Ng3 Nb6 12. g5 Nfd7 13. h4 g6 14. Qf3 Nf8 15. O-O-O Bd7 16. Kb1 O-O-O 17. Qf4 Re8 18. Rc1 Ne6 19. Qe5 Nc7 20. Qxe7 Rxe7
21. h5 Ne6 22. Nge2= Nxg5 23. Nf4 Ree8 24. Ncxd5 Nxd5 25. Nxd5 Ne4 26. Rh2 g5 27. h6 f5 28. Rg2 g4 29. b4 Rhf8 30. Nf4 Rf6
31. Rh1 Nd2+ 32. Kc2 Nf3 33. Kc3 Ref8 34. Be2 Ng5 35. f3 Re8 36. Kd2 Rg8 37. Rhg1 Re8 38. Rh1 c5 39. bxc5 Nxf3+ 40. Bxf3 gxf3
41. Rg3 Ra6 42. Rxf3 Rxa2+ 43. Kc3 Ra3+ 44. Kb4 Rexe3 45. Rxe3 Rxe3 46. Nd5 Re6 47. Rg1 Bc6 48. Rg8+ Kd7 49. Nc3 Rxh6 50. d5 Rh4+
0-1

[Event "Class Tournaments HC #10"]
[Site "SchemingMind.com"]
[Date "2014.04.18"]
[Round "-"]
[White "teejaytee"]
[Black "Patjanka"]
[Result "1-0"]
[WhiteCountry "ENG"]
[BlackCountry "DEN"]
[WhiteElo "2551"]
[WhiteRD "85"]
[BlackElo "2427"]
[BlackRD "85"]
[GameID "356977"]

1. e4 c5 2. f4 d5 3. exd5 Nf6 4. Bb5+ Nbd7 5. c4 a6 6. Bxd7+ Bxd7 7. Nf3 e6 8. dxe6 Bxe6 9. d3 Bd6 10. O-O O-O
11. Nc3 Re8 12. Re1 Bf5 13. Be3 Qc7 14. Ne5 Bxe5 15. fxe5 Rxe5 16. d4 cxd4 17. Qxd4
1-0

[Event "Class Tournaments HC #10"]
[Site "SchemingMind.com"]
[Date "2014.04.21"]
[Round "-"]
[White "Patjanka"]
[Black "michel"]
[Result "1/2-1/2"]
[WhiteCountry "DEN"]
[BlackCountry "CAN"]
[WhiteElo "2427"]
[WhiteRD "85"]
[BlackElo "2236"]
[BlackRD "59"]
[GameID "356978"]

1. d4 Nf6 2. c4 c5 3. d5 b5 4. Qc2 bxc4 5. e4 d6 6. Bxc4 g6 7. Nf3 Bg7 8. O-O O-O 9. Re1 Nbd7 10. h3 Nb6
11. Bf1 e6 12. dxe6 Bxe6 13. Nc3 d5 14. Bg5 Qb8 15. Rac1 Nxe4 16. Nxe4 dxe4 17. Qxe4 Bxb2 18. Rxc5 Qd6 19. Be3=
1/2-1/2

[Event "Class Tournaments HC #10"]
[Site "SchemingMind.com"]
[Date "2014.04.22"]
[Round "-"]
[White "michel"]
[Black "Patjanka"]
[Result "0-1"]
[WhiteCountry "CAN"]
[BlackCountry "DEN"]
[WhiteElo "2236"]
[WhiteRD "59"]
[BlackElo "2427"]
[BlackRD "85"]
[GameID "356979"]

1. e4 c5 2. Nf3 Nc6 3. Bb5 Qb6 4. Nc3 e6 5. Bxc6 bxc6 6. d3 Ne7 7. O-O Ng6 8. e5 Be7 9. Rb1 Qc7 10. Re1 O-O
11. Bg5 f6 12. exf6 gxf6 13. Bh6 Rf7 14. Na4 Rb8 15. Nd2 d5 16. c4 Bd6 17. Qh5 e5 18. Rec1 Qa5 19. b3 Bf8 20. cxd5 Bxh6
21. Qxh6 cxd5 22. Rxc5 Qb4 23. a3 Qxa3 24. Rxd5 Bb7 25. Rb5 Nf4
0-1

[Event "Class Tournaments HC #10"]
[Site "SchemingMind.com"]
[Date "2014.04.18"]
[Round "-"]
[White "Patjanka"]
[Black "Ebanon "]
[Result "0-1"]
[WhiteCountry "DEN"]
[BlackCountry "ESP"]
[WhiteElo "2333"]
[WhiteRD "74"]
[BlackElo "2438"]
[BlackRD "71"]
[GameID "356980"]

1. d4 d5 2. c4 e6 3. Nc3 c6 4. e4 dxe4 5. Nxe4 Bb4+ 6. Bd2 Qxd4 7. Bxb4 Qxe4+ 8. Be2 Qxg2 9. Bf3 Qg6 10. Ne2 Na6
11. Bc3 e5 12. Rg1 Qf6 13. Ng3 Qe7 14. Qd2 f6 15. O-O-O Be6 16. Ne4 Kf8 17. Be2 Qc7 18. f4 exf4 19. Nd6 Rd8 20. Qxf4 h5
21. Rd2 Rd7 22. b4 Re7
0-1

[Event "Class Tournaments HC #10"]
[Site "SchemingMind.com"]
[Date "2014.04.18"]
[Round "-"]
[White "Ebanon "]
[Black "Patjanka"]
[Result "1/2-1/2"]
[WhiteCountry "ESP"]
[BlackCountry "DEN"]
[WhiteElo "2438"]
[WhiteRD "71"]
[BlackElo "2333"]
[BlackRD "74"]
[GameID "356981"]

1. e4 c5 2. Nf3 Nc6 3. d4 cxd4 4. Nxd4 Qb6 5. Nf3 e6 6. Bd3 Nf6 7. O-O d6 8. Nc3 Be7 9. Be3 Qd8 10. Qe2 O-O
11. Rad1 Ng4 12. Bf4 Qa5 13. Nd2 Nge5 14. Nc4 Qc7 15. Nb5 Qb8 16. Be3 Nxc4 17. Bxc4 a6=
1/2-1/2